000 00349nam a2200133Ia 4500
008 220204s9999 xx 000 0 und d
082 _a330.115
_bSCH
100 _aSCHMIDT, Peter
245 0 _aEconometrics
260 _aNew York
_bMarcel Dekker
_c1976
490 _aStatistics: textbooks and monographs v 18
650 _aEconometrics
942 _cBK
999 _c26560
_d26560